Religion Quiz

Random Religion or Letter Quiz

Three-Vowel Bible Books Quiz Stats

Quiz Updated Sep 15, 2015

Challenge
Share
Tweet
Embed
Score 0/27 Timer 04:00
19 Plays Today
Book % Correct
Exodus
89.8%
Deuteronomy
86.1%
Leviticus
85.9%
Revelation
79.6%
1 Corinthians
71.2%
2 Corinthians
71.2%
Joshua
62.7%
1 Samuel
62%
2 Samuel
62%
Ephesians
60.1%
2 Chronicles
59.3%
1 Chronicles
59.3%
Jeremiah
59%
Colossians
55.4%
Book % Correct
Daniel
52.3%
1 Timothy
51.6%
2 Timothy
51.6%
2 Thessalonians
51.5%
1 Thessalonians
51.4%
Ecclesiastes
50.2%
Nehemiah
49.3%
Lamentations
49.1%
Obadiah
45.8%
Zechariah
45.1%
Philemon
43.7%
Zephaniah
43%
Hosea
41.2%

You're not logged in!

Compare scores with friends on all Sporcle quizzes.
Join for Free
OR
Log In

You Might Also Like...

Show Comments

Extras

Top Quizzes Today


Score Distribution

Your Account Isn't Verified!

In order to create a playlist on Sporcle, you need to verify the email address you used during registration. Go to your Sporcle Settings to finish the process.

Report this User

Report this user for behavior that violates our Community Guidelines.

Details: